Guess the Main Characters- Mamma Mia - Statistics

General Stats
  • This quiz has been taken 421 times
  • The average score is 7 of 8
Answer Stats
Actors Character % Correct
Meryl Streep Donna Sheridan
100%
Colin Firth Harry Bright
97%
Amanda Seyfried Sophie Sheridan
97%
Stellan Skarsgård Bill Anderson
95%
Pierce Brosnan Sam Carmichael
94%
Dominic Cooper Sky
93%
Christine Baranski Tanya Chesham-Leigh
85%
Julie Walters Rosie Mulligan
82%
No matching quizzes found
Score Distribution
Percent of People with Each Score
Percentile by Number Answered
Your Score History
You have not taken this quiz